Access to justice in Pakistan : (Record no. 613018)
[ view plain ]
| 000 -LEADER | |
|---|---|
| fixed length control field | 00453nam a22001457a 4500 |
| 082 ## - DEWEY DECIMAL CLASSIFICATION NUMBER | |
| Classification number | 347.549105 |
| Author Mark | KAR |
| 100 ## - MAIN ENTRY--PERSONAL NAME | |
| Personal name | Karim, Fazal |
| 245 ## - TITLE STATEMENT | |
| Title | Access to justice in Pakistan : |
| Remainder of title | a handbook of civil & criminal procedure with constitutional setting ... / |
| Statement of responsibility, etc. | by Fazal Karim. |
| 250 ## - EDITION STATEMENT | |
| Edition statement | 2nd Edition. |
| 260 ## - PUBLICATION, DISTRIBUTION, ETC. | |
| Place of publication, distribution, etc. | Karachi : |
| Name of publisher, distributor, etc. | Pakistan Law House, |
| Date of publication, distribution, etc. | 2003. |
| 300 ## - PHYSICAL DESCRIPTION | |
| Extent | xxxi, 816p. ; |
| Dimensions | 25cm. |
| 563 ## - BINDING INFORMATION | |
| Binding note | HB |
| 650 ## - SUBJECT ADDED ENTRY--TOPICAL TERM | |
| Topical term or geographic name entry element | Law |
| 942 ## - ADDED ENTRY ELEMENTS (KOHA) | |
| Source of classification or shelving scheme | |
| Koha item type | Book |
| 650 ## - SUBJECT ADDED ENTRY--TOPICAL TERM | |
| -- | 35302 |
| Withdrawn status | Lost status | Source of classification or shelving scheme | Damaged status | Not for loan | Permanent Location | Current Location | Date acquired | Total Checkouts | Full call number | Barcode | Checked out | Date last seen | Date last checked out | Price effective from | Koha item type | Source of acquisition |
|---|---|---|---|---|---|---|---|---|---|---|---|---|---|---|---|---|
| NUST Law School (NLS) | NUST Law School (NLS) | 02/28/2025 | 2 | 347.549105 KAR | NLS-205 | 11/06/2025 | 10/07/2025 | 10/07/2025 | 02/28/2025 | Book | ||||||
| NUST Law School (NLS) | NUST Law School (NLS) | 02/28/2025 | 2 | 347.549105 KAR | NLS-206 | 06/28/2025 | 05/29/2025 | 05/29/2025 | 02/28/2025 | Book | ||||||
| NUST Law School (NLS) | NUST Law School (NLS) | 06/25/2025 | 1 | 347.549105 KAR | NLS-1779 | 01/01/2026 | 09/18/2025 | 06/25/2025 | Book | Pakistan Law House | ||||||
| NUST Law School (NLS) | NUST Law School (NLS) | 06/25/2025 | 347.549105 KAR | NLS-1780 | 06/25/2025 | 06/25/2025 | Book | Pakistan Law House | ||||||||
| NUST Law School (NLS) | NUST Law School (NLS) | 06/25/2025 | 347.549105 KAR | NLS-1781 | 06/25/2025 | 06/25/2025 | Book | Pakistan Law House | ||||||||
| NUST Law School (NLS) | NUST Law School (NLS) | 06/25/2025 | 347.549105 KAR | NLS-1782 | 06/25/2025 | 06/25/2025 | Book | Pakistan Law House | ||||||||
| NUST Law School (NLS) | NUST Law School (NLS) | 06/25/2025 | 1 | 347.549105 KAR | NLS-1783 | 11/06/2025 | 10/07/2025 | 10/07/2025 | 06/25/2025 | Book | Pakistan Law House | |||||
| NUST Law School (NLS) | NUST Law School (NLS) | 06/25/2025 | 347.549105 KAR | NLS-1784 | 06/25/2025 | 06/25/2025 | Book | Pakistan Law House |
